UM Logo

The reading attitudes and vocabulary skills of first year education students in UMDC/ (Record no. 9943)

MARC details
000 -LEADER
fixed length control field 00673nam a22001697a 4500
008 - FIXED-LENGTH DATA ELEMENTS--GENERAL INFORMATION
fixed length control field 180723b ||||| |||| 00| 0 eng d
082 ## - DEWEY DECIMAL CLASSIFICATION NUMBER
Edition number 2017
Classification number UT 0957
Item number V71
100 ## - MAIN ENTRY--PERSONAL NAME
9 (RLIN) 29359
Personal name Villalveto, Gennie Mie Fehl O.
245 ## - TITLE STATEMENT
Title The reading attitudes and vocabulary skills of first year education students in UMDC/
Statement of responsibility, etc. Gennie Mie Fehl O. Villalveto, Ariel P. Vicente and Margie E. Olin.
260 ## - PUBLICATION, DISTRIBUTION, ETC. (IMPRINT)
Place of publication, distribution, etc. Digos City:
Name of publisher, distributor, etc. UMDC
Date of publication, distribution, etc. November 2017.
300 ## - PHYSICAL DESCRIPTION
Extent 48 pages;
Other physical details 30 cm.
650 #0 - SUBJECT ADDED ENTRY--TOPICAL TERM
9 (RLIN) 29360
Topical term or geographic name as entry element Education.
Form subdivision English
General subdivision Undergraduate thesis
700 ## - ADDED ENTRY--PERSONAL NAME
9 (RLIN) 29361
Personal name Villalveto, Gennie Mie Fehl O.
700 ## - ADDED ENTRY--PERSONAL NAME
9 (RLIN) 29362
Personal name Vicente, Ariel P.
700 ## - ADDED ENTRY--PERSONAL NAME
9 (RLIN) 29363
Personal name Olin, Margie E.
942 ## - ADDED ENTRY ELEMENTS (KOHA)
Source of classification or shelving scheme Dewey Decimal Classification
Koha item type Undergraduate Thesis
Holdings
Withdrawn status Lost status Source of classification or shelving scheme Damaged status Not for loan Home library Current library Date acquired Total Checkouts Full call number Barcode Date last seen Price effective from Koha item type
    Dewey Decimal Classification     UM Digos College - LIC UM Digos College - LIC 07/12/2018   UT 0957 V71 2017 0957 07/23/2018 07/23/2018 Undergraduate Thesis